000 01295cab a2200361 4500
001 ABS59090
008 090401t1998 xxu||||| |||| 00| 0 eng d
035 _a(Sirsi) u87551
041 _aeng
100 _aGuy, R.
245 _aDuties of the expert witness
260 _c1998
350 _a0
490 _aIRRV Insight
_v(6) July 1998, 160-161(2)
520 _aSecond of two articles on the RICS code of practice (see Abs 58949 for first article). Discusses the duties of the expert witness in the context of the RICS practice statement and guidance notes. Reviews case law and considers some of the concerns for rating surveyors.
650 _aBURROUGHS DAY V BRISTOL CC
650 _aCIVIL CASES
650 _aCOURTS
650 _aDUTIES
650 _aENGLISH EXPORTERS (LONDON) LTD V ELDONWALL LTD
650 _aEXPERT WITNESSES
650 _aINSURERS
650 _aNATIONAL JUSTICE COMPANIA V PRUDENTIAL ASSURANCE CO LTD
650 _aPOLIVITTE LTD V COMMERCIAL UNION ASSURANCE CO PLC
650 _aRATING SURVEYORS
650 _aRESPONSIBILITIES
650 _aRICS CODE OF PRACTICE
650 _aVALUATION TRIBUNALS
650 _aWHITHOUSE V JORDAN
690 _aMANAGEMENT-BUSINESS MANAGEMENT-PROFESSIONAL PRACTICE
942 _n0
948 _c22/07/1998
999 _c55237
_d55237